Statistics for Largest Cities by Letter (USA)

Click here to take the quiz!

General Stats

  • This quiz has been taken 382 times
    (348 since last reset)
  • The average score is 15 of 26

Answer Stats

LetterCityPopulation% Correct
NNew York City, NY8,175,133
94%
CChicago, IL2,695,598
93%
LLos Angeles, CA3,792,621
90%
DDallas, TX1,197,816
88%
BBoston, MA645,966
86%
HHouston, TX2,099,451
85%
PPhiladelphia, PA1,526,006
83%
AAustin, TX790,390
73%
JJacksonville, FL821,784
73%
SSan Antonio, TX1,327,407
73%
IIndianapolis, IN820,445
71%
WWashington DC601,723
71%
KKansas City, MO459,787
67%
OOklahoma City, OK579,999
54%
EEl Paso, TX649,121
51%
MMemphis, TN646,889
49%
RRaleigh, NC403,892
49%
VVirginia Beach, VA437,994
44%
FFort Worth, TX741,206
43%
TTucson, AZ520,116
38%
QQuincy, MA92,271
27%
YYonkers, NY195,976
26%
GGreensboro, NC269,666
23%
XXenia, OH25,719
15%
ZZanesville, OH25,487
9%
UUpland, CA73,732
5%

Score Distribution

Percentile by Number Answered

Percent of People with Each Score

Your Score History

You have not taken this quiz since the last reset